|
|
|
|
| LEADER |
00647nam a2200193 4500 |
| 020 |
|
|
|
| 082 |
|
|
|a 337 ELL-I4
|
| 100 |
|
|
|a Ellsworth, P T
|
| 245 |
|
|
|a International economy
|
| 250 |
|
|
|a 4
|
| 260 |
|
|
|a Macmillan Company, London
|c 1969
|
| 300 |
|
|
|
| 490 |
|
|
|
| 500 |
|
|
|a Taking over from department Library to keralaUniversity College of Teacher Education,Kumarapuram,Thiruvananthapuram as per
UO. No.Ad.A.V.2/22745/2010 dtd 28.05.2010
|
| 590 |
|
|
|
| 650 |
|
|
|a International Economics
|
| 942 |
|
|
|c BK
|
| 999 |
|
|
|c 107884
|d 107884
|
| 952 |
|
|
|0 2
|1 0
|4 0
|6 337_000000000000000_ELLI4
|7 0
|9 121351
|a ECN
|b ECN
|l 0
|o 337 ELL-I4
|p ECN04918
|r 2019-09-25
|w 2019-09-25
|y BK
|